Rozpoznaj Bestie i Ogrowate z gry Wiedźmin 3 - Statystyki

Ogólne statystyki
  • Ten quiz został rozwiązany 11 razy
  • Średni wynik to 10 z 12
Statystyki odpowiedzi
Klasyfikacja Opis Odpowiedź % Poprawnych
Ogrowate Charakterystyczną jego cechą jest pojedyncze, znajdujące się na środku twarzy duże oko. A także spore rozmiary, ogromna siła i absolutna nienawiść do wszystkich ludzi. Cyklop
100%
Bestia Niektórzy mówią, że ... to zwierciadło człowieka. Dobrze traktowany odwdzięczy się wiernością i ufnością, źle zaś – odpłaci pięknym za nadobne, na krzyk odpowie warknięciem, na kopnięcie ugryzieniem. A że złych ludzi jest aż nadto, nie brakuje też złych .... Szczególnie groźne są zdziczałe kundle, które zupełnie już zatraciły szacunek dla człowieka, rozsmakowały się w krwi i padlinie. Pies
100%
Bestia Niegdyś ... były niepodzielnymi władcami lasów. Ludzie straszyli nimi dzieci, drżeli na sam dźwięk ich wycia. Potwory postkoniunkcyjne nie tylko zepchnęły je do głębokiej głuszy, ale zajęły też ich miejsce w ludzkiej świadomości. To jednak nie znaczy, że stare drapieżniki przestały być groźne. Nie mają może w sobie ani krztyny magii, nie zioną ogniem ani nie plują kwasem, ale nijak nie przeszkadza im to w zabijaniu nieostrożnych podróżnych i myśliwych. Wilk
100%
Bestia Bestie te są wszystkożerne. To zaś oznacza, że poza jagódkami, korzonkami i łososiami jedzą też czasem i ludzi. Ich ofiarą padają zwykle podróżnicy, którzy nieświadomi zagrożenia zapuszczają się na ich terytorium, oraz myśliwi, dla których powalenie tego zwierzęcia stanowi często życiową ambicję. Niedźwiedź
89%
Bestia To groźny drapieżnik zamieszkujący tereny leśne. Szybka, zwinna i, jak to kot, okrutnie przebiegła. Na niektórych, co mniej zurbanizowanych terenach, do dziś panuje przekonanie, że ... to zbłąkane dusze ludzi, którzy zmarli we śnie. Przesąd ten nakazuje bliskim wyrzucać zwłoki człowieka, który w ten sposób pożegnał się z życiem, do pobliskiego lasu bez pochówku. Pantera
89%
Ogrowate Wielkie i dość brutalne wszystkożerne stworzenia. Po latach życia w pobliżu ludzkich osad i pewnego rodzaju koegzystencji trudno bezwarunkowo uznać je za potwory. Jest to rasa istot rozumnych (choć prymitywnych), z którymi można nawiązać dialog. Znają się na gotowaniu i rzemiośle, a przede wszystkim na konstrukcjach drewnianych i kamiennych – o jednym z nich powstał nawet stereotyp mieszkającego pod mostem i pobierającego opłaty za jego przekroczenie. Nie można jednak zapominać, że to wciąż wielkie i niezbyt rozgarnięte brutale. Dobierają się w pary na wzór małżeństw, a ich życie rodzinne nieraz przypomina ludzkie, wraz ze wszystkimi jego blaskami i cieniami. Troll
89%
Ogrowate Potężny, prastary potwór, obecnie rzadszy niż smoki. Z wyglądu przypomina człowieka – tyle że sinego z zimna i wyższego niż drzewo. Mimo że jest istotą rozumną, wszelkie próby komunikacji z nim kończą się jednako – szybką i bolesną śmiercią. Lodowy gigant
78%
Bestia Potwór leśny, zły i dziki. Do dziś w niektórych wioskach na obrzeżach Kaedwen panuje przekonanie, że jego przysmakiem są dziewice, lecz prawda jest taka, że zwykle zadowala się warzywami, nierzadko samą marchewką. Zwierzę, ze względu na swoją krępą budowę ciała i ostre kły, ma wielki potencjał batalistyczno-dywersyjny. Matka natura dała mu zestaw dwóch par kłów – górne fajki i dolne szable, dzięki którym sieje postrach wśród ludzi i innych mieszkańców lasu. Dzik
67%
Ogrowate Według legendy był kiedyś rycerzem, który sprzeniewierzył się ślubom, za co został ukarany przez Panią Jeziora. Zaklęty w olbrzyma uciekł w góry i schodził na niziny kilka razy do roku, gdy przycisnął go głód. Nie wiadomo, ile w legendzie jest prawdy, faktem jest natomiast, że ten groźny olbrzym – samotnik zabijał i pożerał pasterzy równie chętnie, jak owce i cieszył się tak złą sławą, że guwernantki straszyły nim niegrzeczne dzieci. Goliat
67%
Ogrowate Mały leśny potwór żyjący w dużych stadach. Atakuje w grupie, okrążając i rozszarpując swoje ofiary długimi i ostrymi pazurami. Pojedynczy osobnik nie jest zbyt groźny, lecz pięć jest już bardzo niebezpiecznych, a dziesięć będzie w stanie zabić nawet doświadczonego żołnierza. Szczególnie groźne są osobniki, zwane wojownikami, którzy są więksi i silniejsi od reszty stada oraz mają rogi po bokach głowy. Równie groźne są stuchacze – rzadka odmiana Nekker
67%
Ogrowate Wyprawy na zaśnieżone szczyty nigdy nie są bezpieczne. Można poślizgnąć się i spaść w przepaść, zostać przysypanym przez lawinę – albo natknąć się właśnie na nich. W odróżnieniu od ich braci mieszkających w niższych partiach gór, te żyjące w wiecznym mrozie potwory w człowieku widzą tylko i wyłącznie smakowite mięso. Troll lodowy
56%
Ogrowate Jeśli wysoko w górach zobaczysz ruszające się kamienie, nie przecieraj oczu, tylko wyciągnij miecz – najpewniej masz przed sobą jednego z nich. Co prawda nie każde spotkanie z tym potworem kończy się walką. Choć niezbyt inteligentne, są jednak rozumne ale lepiej przygotować się na najgorsze. Inaczej można skończyć jako wkładka do zupy. Troll skalny
56%
Nie znaleziono quizów pasujących do podanych kryteriów
Rozkład punktacji
Procent ludzi z każdym wynikiem
Percentyl według liczby udzielonych odpowiedzi
Twoja historia wyników
Nie rozwiązałeś tego quizu